000 01021nam a22003137a 4500
003 CHAP
005 20220329142313.0
008 000525d1996 mx b r 00110 spa d
010 _a81328
011 _a82300
020 _a9681650832
035 _a92789
040 _cCHAP
082 0 4 _a972.05
_bG3 1996
100 0 0 _aGarcía Cantú, Gastón.
_945814
245 1 4 _aLas invasiones norteamericanas en México
_c/por Gastón García Cantú
250 _aed. corr.
260 _aMéxico, D.F. :
_bFondo de Cultura Económica,
_c1996.
300 _a348 p. ;
_bmapa
590 _aBATCH-UPD
_b10
_c20130110
_lUCH01
_h0702
590 _aBATCH-UPD
_b10
_c20130410
_lUCH01
_h0348
590 _aBATCH-UPD
_b10
_c20130914
_lUCH01
_h1527
590 _aCONVERSION
_b10
_c20130109
_lUCH01
_h1345
650 4 _aMéxico
_xHistoria
_xGuerra con los Estados Unidos.
_976760
901 _aBK
905 _aAlejandra Carrasco M.
942 _cLIBRO
949 _a972.05 G3 1996
_bBC
_cLIBRO
_d33724000783585
_eLIBRO
_gI.c/e
_h97824
_i92789
_si
_t$88.
999 _c81328
_d81328